HCPCS 2007 Level II Expert-Compact. (Record no. 111751)

MARC details
000 -LEADER
campo de control de longitud fija 00718nam a22002533a 4500
001 - NÚMERO DE CONTROL
campo de control 88367
005 - FECHA Y HORA DE LA ÚLTIMA TRANSACCIÓN
campo de control 20230411090046.0
008 - DATOS DE LONGITUD FIJA--INFORMACIÓN GENERAL
campo de control de longitud fija 070321s2006 xx 000 0 eng d
035 ## - NÚMERO DE CONTROL DEL SISTEMA
Número de control de sistema (OCoLC)ocn150356327
040 ## - FUENTE DE CATALOGACIÓN
Centro catalogador/agencia de origen BTCTA
Centro/agencia transcriptor BTCTA
Centro/agencia modificador BAKER
-- YDXCP
020 ## - NÚMERO INTERNACIONAL ESTÁNDAR DEL LIBRO
Número Internacional Estándar del Libro 9781563378522
020 ## - NÚMERO INTERNACIONAL ESTÁNDAR DEL LIBRO
Número Internacional Estándar del Libro 1563378523
035 ## - NÚMERO DE CONTROL DEL SISTEMA
Número de control de sistema (OCoLC)150356327
049 ## - FONDOS LOCALES (OCLC)
Biblioteca depositaria GRAL
245 00 - MENCIÓN DEL TÍTULO
Título HCPCS 2007 Level II Expert-Compact.
260 ## - PUBLICACIÓN, DISTRIBUCIÓN, ETC.
Nombre del editor, distribuidor, etc. Ingenix Inc
Fecha de publicación, distribución, etc. 2006.
720 ## - ENTRADA AGREGADA--NOMBRE NO CONTROLADO
Nombre Ingenix
Relación cor
938 ## -
-- Baker and Taylor
-- BTCP
-- BK0006803103
938 ## -
-- Baker & Taylor
-- BKTY
-- 79.95
-- .00
-- 1563378523
-- 0006803103
-- active
938 ## -
-- YBP Library Services
-- YANK
-- 2516467
942 ## - ELEMENTOS DE ENTRADA SECUNDARIOS (KOHA)
Fuente del sistema de clasificación o colocación Clasificación de Library of Congress
Tipo de ítem Koha
994 ## -
-- C0
-- DRFGD
946 ## - PROCESAMIENTO DE INFORMACIÓN LOCAL (OCLC)
a nc
Holdings
Estatus retirado Estado de pérdida Fuente del sistema de clasificación o colocación Estado de daño No para préstamo Colección Biblioteca de origen Biblioteca actual Ubicación en estantería Fecha de adquisición Código de barras Visto por última vez Copia número Tipo de ítem Koha
    Clasificación de Library of Congress     Automatización y Procesos Técnicos Biblioteca Juan Bosch Biblioteca Juan Bosch Automatización y Procesos Técnicos (1er. Piso) 11/04/2023 00000081442 17/02/2019 1